MDQL
is popping MORE tags! Check the
thread
!
Quizzes
Events
Quiz Creation
Community
Videos
Private Events
Remove Ads
Sign In
Join for FREE
Feedback
Dark Mode
Quiz Categories
Sports
Geography
Music
Movies
Television
Just For Fun
Miscellaneous
History
Literature
Language
Science
Gaming
Entertainment
Religion
Holiday
For Kids
Quiz Lab
Recent
Popular Today
Quiz Kudos Today
Editor Picks
Curator Picks
Quizzes by...
Day
Popularity
Type
Ratings
Length
Year
Community
Subscriptions
Recent Discussions
Orange Saloon
Badges
Playlists
Quests
Create
Leaderboards
Showdown
Live 5
Trivia Bingo
Activity
Puzzle Library
Sporcle Events
Private Events
Virtual Trivia
Globe League
Become a Host
Pub Owners
SporcleCon
Opinionation
Our Games
Videos
Blog
Mobile Apps
Partnerships
Remove Ads and Go Orange
Feedback
Miscellaneous
Crossword
General Knowledge
Baby Names
Logo
Food
Cars
Numbers
Grab Bag
University
College
Popular
Company
Slogans
Restaurants
Justice
Letter
Miscellaneous
Crossword
General Knowledge
Baby Names
Logo
Food
Cars
Numbers
Grab Bag
University
College
Popular
Company
Slogans
Restaurants
Justice
Letter
Random Quiz
Search Sporcle
×
Quiz Lab
Quiz Lab
Miscellaneous
Category
Type in answers that appear in a list
Type in answers that appear in a list
Classic
Best Score? Go Orange.
December 2015 Jeopardy Daily Doubles Stats
Can you name the Answers For These Jeopardy Clues
By
brook5584
20m
64 Questions
163 Plays
163 Plays
163 Plays
Comments
Comments
Give Quiz Kudos
Give Quiz Kudos
-
- Ratings
hide this ad
More Info
Forced Order
Answers have to be entered in order
Answers have to be entered in order
Random Order
Randomize order of answers
Randomize order of answers
Replay
Link that replays current quiz
Next Quiz
Link to next quiz in quiz playlist
You Got
0%
They Got
Avg Score
41%
Avg Friend Score
Upgrade to see
Score Distribution
Jump to the score distribution portion of the page
Score
0/64
Timer
20:00
0
Plays Today
Clue
Who is or What is
% Correct
Although best known for their fairy tales, these brothers were pioneers in creating a German dictionary
Brothers Grimm
80.4%
Entirely south of the Equator, by area
Australia
80.4%
In the U.S. it borders Florida; in Europe, it borders Russia & Turkey
Georgia
79.8%
This rotund figure was once drawn 'drinking' nails to show that driving over them didn't bother his tires
Michelin Man
70.6%
From the Latin for 'soldier's pay', it's a fixed & regular payment, such as an allowance
Stipend
66.9%
The Chinese gooseberry was renamed this by New Zealanders
Kiwi
65%
Boozy drink that Robert Butt claims to have invented while bartending at New York's Jones Beach
Long Island Iced Tea
65%
Its official languages include German, Italian & French; 20% of its people mainly speak French
Switzerland
64.4%
In the 1980s Chris Van Allsburg won 2 Caldecotts: for 'Jumanji' & this story of a northbound train
The Polar Express
63.2%
John Steinbeck changed 'Something That Happened' to this title, a reference to a Robert Burns poem
Of Mice and Men
62.6%
In 2007 he was commemorated on an Australian postage stamp with proceeds going to his Wildlife Warriors charity
Steve Irwin
62.6%
The Zimmerman Note encouraged this nation to ally with Germany, which promised to let it annex lost land in the U.S.
Mexico
61.3%
Antares is the brightest star in this constellation; don't get stung
Scorpio
61.3%
A ceremony on November 19, 1863 dedicated a cemetery in this town
Gettysburg
60.1%
This oceanographer & inventor, 1910-
1997
Jacques Cousteau
59.5%
It got its name by removing the first 3 letters from the name of the horse that Bellerophon tried to fly to heaven
Asus
58.3%
On March 6, 1857 Chief Justice Roger Taney announced the Supreme Court's decision in this slave's case
Dred Scott
57.1%
...see the sights in this capital; we've left the Mecca Highway & are now on the King Fahd Highway
Riyadh
56.4%
In Freudian theory this 8-
letter term is our conscience; its namesake comedic podcast is 'Improvised & Analyzed'
Superego
55.8%
A museum devoted to this scientist & inventor is housed in what was originally the Tuskegee campus laundry
George Washington Carver
55.8%
These 2 Mediterranean islands are independent countries
Malta and Cyprus
55.8%
The first cervical vertebra is called this after a Greek god because it supports the head
Atlas
54%
The 2 most abundant elements in Earth's crust are oxygen & this one used in making electronic circuits
Silicon
50.9%
'Himno Istmeño', or 'Isthmus Hymn'
Panama
49.7%
In 2011 this rock legend auctioned off part of his guitar collection to benefit his Crossroads Centre rehab clinic
Eric Clapton
49.1%
You started this job as a junior to a squire at 7 years of age; nice haircut!
Page
48.5%
Ponder the tragic life of Crown Prince Rudolf in his lavish suite in this capital's Schonbrunn Palace
Vienna
47.9%
The war of this country's succession erupted in 1701 after the death of the childless Charles II
Spain
46.6%
This device is used to separate solids from liquids & Iran's thousands of them are part of the 2015 nuclear deal
Centrifuges
44.8%
Mary I: Henry VIII & this Spanish import
Catherine of Aragon
41.7%
In 1297 he was knighted upon his return to Scotland & proclaimed Guardian of the Kingdom
William Wallace
41.1%
It's the area from which you can watch politicians in their habitat; Parliament's was once called the Strangers' one
Gallery
40.5%
Clue
Who is or What is
% Correct
The OED traces this term back to an 1809 article about cerebral fibers
Grey Matter
38%
Because it has 6 units called iambs, the poetic line 'Thou art unseen, but yet I hear thy shrill delight' is in iambic this
Hexameter
38%
Until the 20th c. it formed part of the University of Paris & its name was synonymous with the school's
Sorbonne
37.4%
This Alabama college town's name was inspired by a line from Oliver Goldsmith's poem 'The Deserted Village'
Auburn
37.4%
In 1899 this man equipped ships with wireless tech so they could report on the America's Cup to a NYC newspaper
Guglielmo Marconi
35%
It completes the title of Steve Harvey's 'Act Like a Lady...'; it was also the entire title of the movie
Think Like a Man
34.4%
This tycoon's Northern Securities company was dissolved in 1904 for violating the Sherman Antitrust Act
J.P. Morgan
33.7%
The Jacobite rebellion tried to put a member of this royal family back on the English throne but failed
Stuart
32.5%
The National Aviation Hall of Fame was founded in 1962 in this city, the 'Birthplace of Aviation'
Dayton
32.5%
An Oct. 13, 1960 New York Times headline read that this world leader 'bangs his shoe on desk'
Nikita Khrushchev
31.9%
To elect a new pope, the College of Cardinals gathers for this 8-
letter meeting in the chapel
Conclave
30.7%
First formed to drive New York settlers out of Vermont, this armed band later gained fame at Fort Ticonderoga
Green Mountain Boys
29.4%
The Netherlands relinquished sovereignty over it in 1949
Indonesia
28.8%
'I never did offend you in my life; never loved Cassio but with such general warranty of heaven as I might love'
Desdemona
28.8%
The discovery of a dead rat starts this 1947 Albert Camus novel; more would follow
The Plague
27%
'The theory of the Communists may be summed up in the single sentence: abolition of' this, an alliterative phrase
Private Property
25.8%
Befitting the name, Pennsylvania's Chanticleer Gardens feature design motifs of this bird
Rooster
25.2%
Obligatory, as in a contract
Binding
25.2%
Rudyard's father J. Lockwood Kipling illustrated this 1901 novel with a very short title
Kim
24.5%
The Greek general Agamemnon is a character in this Shakespeare play
Troilus and Cressida
24.5%
This tall reed-
like plant has long fibers, making it easy to spin into linen yarn
Flax
21.5%
A clear, yellowish fluid containing white blood cells
Lymph
20.9%
This 4-
letter word comes from the Hebrew for 'with certainty'
Amen
20.9%
A 1666 entry in his diary read, 'The churches, houses and all on fire and flaming at once'
Samuel Pepys
20.2%
This prince & would-
be king ignored advisors & fought the 1746 Battle of Culloden Moor; 'twas not a bonnie choice
Bonnie Prince Charlie
18.4%
The Mead Johnson Co. introduced this bland baby cereal, now a term for trite or childish ideas
Pablum
18.4%
He not only has a New York City bridge named for him but bridges in Maryland & Rhode Island as well
Giovanni da Verrazzano
18.4%
Dickens' artist Luke Fildes said Dickens told him the solution to this was that John Jasper strangled his nephew
The Mystery of Edwin Drood
17.2%
In 'The Song of the Lark', part of her Prairie Trilogy, Thea Kronborg leaves home & becomes a soprano at the Met
Willa Cather
14.7%
'South' is this explorer's account of his efforts from 1914 to 1917 to become the first man to cross Antarctica
Sir Ernest Shackleton
14.1%
In 1658, perhaps as he was busy admiring his Taj Mahal, his son Aurangzeb deposed him & took over the Mughal Empire
Shah Jahan
11%
From the mid-
1880s to 1914, this sea east of New Guinea was under German control
Bismarck Sea
9.2%
Quiz Playlist
Details
Report
Send in Message
Add To Playlist
More Info:
You do not have to phrase the answer in the form of a question. Video & audio clues are not included in this quiz.
Classic:
Type in answers that appear in a list
Forced Order:
Answers have to be entered in order
Random Order:
Randomize order of answers
Quiz Source
Last Updated: Sep 4, 2022
Quiz Scoreboard
CHALLENGE
Sign Up to Join the Scoreboard
Show All
Scores
Hide
Comments
May contain spoilers
Recently Published
1-10 Letter E Words III
by El_Dandy
Language
2m
Street Fighter Characters
by Artimus82
Gaming
60s
College Basketball Coaching Resumes
by pancakes188
Sports
9m
More to Explore
Quiz From the Vault
Featured Blog Post
Where Did the Easter Bunny Come From?
hide this ad
You Might Also Like...
Tags
2015
Category
Daily
December
double
Jeopardy
Today's Top Quizzes in Miscellaneous
Browse Miscellaneous
hide this ad
Today's Top Quizzes in Category
Browse Category
Top Contributed Quizzes in Miscellaneous
1
5-to-1: Fast Food
2
The JOE quick-fire general knowledge quiz: Day 174
3
The JOE quick-fire general knowledge quiz: Day 173
4
5-to-1: Cocktails
5
The JOE quick-fire general knowledge quiz: Day 172
6
9x9 Crossword: Disney Movie Titles
7
9x9 Crossword: Charlie and the Chocolate Factory
8
Sunday Crossword: Famous Bodies of Water
9
The JOE quick-fire general knowledge quiz: Day 171
10
9x9 Crossword: Flags
Explore More
Trending Topics
NBA
Kpop
Crossword
Anime
Marvel
Disney
Harry Potter
Song
NFL
Country
WWE
The Office
Soccer
Pokémon
Puzzle
hide this ad
More By:
brook5584
Quiz
Plays
Rating
Category
Featured
Created
NFL Touchdowns Week 6 2015 Season
2,085
3.60
Sports
Oct 20, 2015
Big Brother 13 Houseguests
1,731
3.88
Television
Jul 8, 2011
Big Brother 16 Houseguests
1,486
4.33
Television
Jun 28, 2014
Big Brother 18 Houseguests
1,220
3.60
Television
Jun 23, 2016
Current US Senators (Clickable)
695
4.20
History
Apr 13, 2012
Go to Creator's Profile
Score Distribution
Quiz Creator Spotlight
brook5584
Follow
Send a Message
Quizzes Created
-
Created Quiz Play Count
-
More By This Creator
Popular Quizzes Today
1
Find the US States - No Outlines Minefield
2
Find the Countries of Europe - No Outlines Minefield
3
The Countries of the World
4
Find the US States
5
Risky Map Clicking: Biggest States A-Z
6
US States
7
Popular People in 1961
8
Movies - When Are They Set?
More Miscellaneous Quizzes
Company Founders: Who Died First?
Editor's Pick
Trending Quizzes
Risky Map Clicking: Least Populous States A-Z
1-10 Letter G Words
USA Borders Longest to Shortest
1-10 Letter F Words
Countries of the World: 200 Million BC
Recently Updated
Leaping Animals
pecheneg
Reality TV Shows (A-Z)
bhenderson79
Rickey Henderson's Hall of Fame Teammates
pecheneg
Champions League XIs: Arsenal
pecheneg
Quick Pick: Celebrities in WWE's Hall of Fame
aduchscher
A-Z Keypad Blitz II
pecheneg
Multiple Oscar Actors
pecheneg
Mystery Phrase Blitz: Oscar 'Best Actors'
pecheneg
F. Scott Fitzgerald Novels
LTH
Pick 3 Villains
ddd62291
Trending Topics
Kpop
Anime
Harry Potter
NBA
Disney
Marvel
Crossword
Puzzle
Soccer
Song
Pokémon
The Office
NFL
WWE
Country
Your Account Isn't Verified!
In order to create a playlist on Sporcle, you need to verify the email address you used during registration. Go to your
Sporcle Settings
to finish the process.
Report this User
Report this user for behavior that violates our
Community Guidelines
.
Details:
Send Report
Go to the Sporcle.com Mobile Site →
Comments